00506nam a2200181Ia 450000500170000000800410001702000220005804100080008008200130008810000200010124500780012125000120019926000380021130000080024950000240025765000230028170000200030420230228152356.0230125s9999 xx 000 0 und d a978-93-5388-372-0 aeng a658bBHA aBhattacharjee G aPublic Sector Enterprises in India - Evolution, Privatisation and Reforms a1st Ed. c2020bSage PublicationaNew Delhi a425 aGeneral Management  aGeneral Management aBhattacharjee G